00414nam a2200169Ia 450000500170000000800460001703700140006304000180007704100130009508400170010810000140012524500360013926000400017530000080021536500130022365000080023620250505125005.0008 250505s9999 xx 000 0 eng d aReference aLCObengcLCO aeng2eng aZ,5w R3qLCO aMohan, R. 0aIndia's Federal SetupcR. Mohan aNew Delhi, IndiabAakar Booksc2023 a252 aINRb795 aLaw